|
|
|
|
| LEADER |
02005nam a2200505 i 4500 |
| 001 |
001519768 |
| 003 |
CZ BrMZK |
| 005 |
20171114081238.0 |
| 006 |
m d |
| 007 |
co cg |
| 008 |
160405s2015 xr a e 000 0 cze |
| 020 |
|
|
|a 978-80-87300-78-7
|q (CDR)
|
| 040 |
|
|
|a BOA001
|b cze
|e rda
|
| 043 |
|
|
|a e-xr---
|a e------
|
| 072 |
|
7 |
|a 347.7
|x Obchodní právo. Finanční právo. Právo průmyslového vlastnictví. Patentové právo. Autorské právo
|2 Konspekt
|9 16
|
| 072 |
|
7 |
|a 37.016
|x Učební osnovy. Vyučovací předměty. Učebnice
|2 Konspekt
|9 22
|
| 080 |
|
|
|a 347.72
|2 MRF
|
| 080 |
|
|
|a 347.7
|2 MRF
|
| 080 |
|
|
|a (437.3)
|2 MRF
|
| 080 |
|
|
|a (4)
|2 MRF
|
| 080 |
|
|
|a (07)
|2 MRF
|
| 080 |
|
|
|a (0.034.44)
|2 MRF
|
| 100 |
1 |
|
|a Sehnálek, David,
|d 1979-
|7 mzk2007411425
|4 aut
|
| 245 |
1 |
0 |
|a Právo v podnikání: česká a evropská právní regulace podnikání pro ekonomy /
|c David Sehnálek
|
| 246 |
3 |
0 |
|a Česká a evropská právní regulace podnikání pro ekonomy
|
| 250 |
|
|
|a 2. aktualizované vydání
|
| 264 |
|
1 |
|a Brno :
|b Vysoká škola obchodní a hotelová,
|c 2015
|
| 300 |
|
|
|a 1 CD-ROM (152 stran) :
|b barevné ilustrace ;
|c 12 cm
|
| 336 |
|
|
|a text
|b txt
|2 rdacontent
|
| 337 |
|
|
|a počítač
|b c
|2 rdamedia
|
| 338 |
|
|
|a počítačový disk
|b cd
|2 rdacarrier
|
| 347 |
|
|
|a textový soubor
|b PDF
|2 rda
|
| 500 |
|
|
|a Název z disku
|
| 504 |
|
|
|a Obsahuje bibliografii
|
| 650 |
0 |
7 |
|a podnikání
|7 ph115766
|z Česko
|2 czenas
|
| 650 |
0 |
7 |
|a podnikání
|7 ph115766
|z země Evropské unie
|2 czenas
|
| 650 |
0 |
7 |
|a obchodní právo
|7 ph115517
|z Česko
|2 czenas
|
| 650 |
0 |
7 |
|a obchodní právo
|7 ph115517
|z země Evropské unie
|2 czenas
|
| 655 |
|
7 |
|a učební texty
|7 fd133599
|2 czenas
|
| 655 |
|
7 |
|a CD-ROM
|7 fd133955
|2 czenas
|
| 710 |
2 |
|
|a Vysoká škola obchodní a hotelová
|7 pna2011629859
|4 isb
|
| 856 |
4 |
1 |
|u http://www.digitalniknihovna.cz/mzk/view/uuid:f1169f09-8ffc-45e8-b69e-1e0ecb9f65d9
|y Digitalizovaný dokument
|
| 910 |
|
|
|a BOA001
|b CDR-1365.557
|
| 990 |
|
|
|a BK
|
| 991 |
|
|
|b 201605
|c NOV
|